01587nam a2200349 a 4500001001000000003000900010005001700019008004100036020001800077040002200095082002100117100002000138240005200158245017600210260006000386300003500446500003400481500002700515504003200542600003500574651006400609651006000673700002400733910003700757942001200794945002700806952011300833952011900946952011901065956003801184999001501222000028585DO-SdBNP20171120125356.0110411s2010 dr 001 0 spa d a9789993427162 aBPMSUbspacBPMSU04a972.93054bB742b1 aBosch, Brian J.10aBalaguer and the Dominican militarylespañol 10aBalaguer y los militares dominicanos :buna divina jerarquía de oficiales durante la décadas de los años sesenta y setenta /cBrian J. Bosch ; Bernardo Vega, editor. aSanto Domingo :bFundación Cultura Dominicana,c2010. a418 p. :bil., retr. ;c24 cm. aIncluye índice onomástico aTraducido del inglés aBibliografía : P. 405-40614aBALAGUER, JOAQUÍNd1906-2002 4aREPÚBLICA DOMINICANAxFUERZAS ARMADASxHISTORIAySIGLO XX 4aREPÚBLICA DOMINICANAxPOLÍTICA Y GOBIERNOySIGLO XX12aVega, Bernardoeed. aValidado. Control de calidad MFF 2ddccBK aInventariado / 2017 VM 00102ddc40708CDaBPMETbBPMETd2014-07-08l0o972.93054 B742bpBPMSU15040459r2014-07-08w2014-07-08yBK 00102ddc40708CDaBPMETbBPMETd2014-07-08l0o972.93054 B742bpBPMSU15040460r2014-07-08te. 2w2014-07-08yBK 00102ddc40708CDaBPMETbBPMETd2015-07-23l0o972.93054 B742bpBPMSU15070349r2015-07-23te. 3w2015-07-23yBK aVMATEOb10c20150723lBPMSUh0069 c7096d7096